000
00311 a2200157 4500
001
62318
020
_a
9788501084576
040
_c
Anchieta - Pituba
100
_a
Walden,Mark
240
1
0
_a
C.O.V.A
_l
por
245
1
0
_a
C.O.V.A
300
_a
251
362
0
_a
2009
650
4
_a
Ficção inglesa
942
_c
BK
999
_c
62318
_d
62318